Glee Season One Quiz - Statistics

General Stats
  • This quiz has been taken 167 times
  • The average score is 14 of 20
Answer Stats
Hint Answer % Correct
Who is pregnant in "Preggers"? Quinn
99%
Who is the real father of Quinn's baby? Puck
95%
What do Quinn and Puck name their daughter in "Journey"? Beth
86%
What is Shelby's relationship to Rachel? She is her mother.
86%
What does Will find out about Terri in "Mattress"? She is not pregnant.
80%
What two songs to the New Directions girls mash-up in "Vitamin D"? Halo and Walking on Sunshine
79%
Who gives Rachel a makeover in "Hairography"? Kurt
78%
What song are Kurt and Rachel fighting over in "Wheels"? Defying Gravity
77%
Who does Rachel meet in "Hell-o"? Jesse St. James
74%
What song causes problems with Rachel, Jesse, Finn, and Puck in "Bad Reputation"? Run, Joey, Run
73%
What is the nickname of the trio who sings "Say a Little Prayer for You" in "Showmance"? The Unholy Trinity
73%
What essential part of Puck's character is removed in "Laryngitis"? His mohawk
66%
What song does Rachel burst into the auditorium singing at sectionals? Don't Rain on My Parade
64%
Who plays April Rhodes? Kristin Chenoweth
63%
What song does Rachel sing at her audition for New Directions in "Pilot"? On My Own
61%
What song is sung by Rachel, Jesse, Santana, Finn, Emma, and Will in "The Power of Madonna"? Like a Virgin
58%
What Broadway star guest stars in "Dream On"? Neil Patrick Harris
56%
What song does New Directions sing for Quinn in "Throwdown"? Keep Holding On
49%
Who sings an unbelievable solo at the beginning of "Give Up The Funk"? Kurt
43%
How does Mercedes see people before she passes out in "Home"? As food
42%
No matching quizzes found
Score Distribution
Percent of People with Each Score
Percentile by Number Answered
Your Score History
You have not taken this quiz